Organized solutions: surfactants in science and technology

Salvato in:
Dettagli Bibliografici
Autori principali: Friberg, Stig E (Autore), Lindman, Bjorn (Autore)
Natura: Libro
Lingua:inglese
Pubblicazione: Nueva York Marcel Dekker 1992
Serie:Surfactant science series, 44
Soggetti:
Tags: Aggiungi Tag
Nessun Tag, puoi essere il primo ad aggiungerne!!

MARC

LEADER 00000nam a2200000 a 4500
001 UCX8221
003 CL-VaPUC
008 940314e19920000US |||||||||||||||||eng|d
082 0 4 |a 541.33  |b FRI  |2 21 
100 0 |a Friberg, Stig E  |e author  |9 325285 
700 0 |a Lindman, Bjorn  |e author  |9 325286 
245 1 0 |a Organized solutions: surfactants in science and technology 
300 |a 383 p 
942 |c BK 
945 |d 19940314 00:00:00  |a mfernand 
260 |a Nueva York  |b Marcel Dekker  |c 1992 
650 7 |a QUIMICA DE SUPERFICIES  |2 CL-VaPUC  |9 259574 
650 0 |a Agentes de actividad superficial   |x Química   |9 263060 
583 |a last modification  |c 20181001 12:48:44  |k Rodrigo Vera 
490 0 |a Surfactant science series, 44 
999 |c 227792  |d 227790 
952 |0 0  |1 0  |4 0  |6 541_330000000000000_FRI_1992  |7 0  |8 A  |9 227025  |a BIBING  |b BIBING  |d 2019-11-15  |i 2962063  |o 541.33 FRI 1992  |p 2962063  |r 2025-01-20  |w 2019-11-15  |y BK  |k EIB